Music Artists by Song - S - Statistics

General Stats
  • This quiz has been taken 103 times
    72 since last reset
  • The average score is 18 of 52
Answer Stats
Songs Artist % Correct
Hips Don't Lie / TQG / Whenever, Wherever Shakira
96%
Espresso / Manchild / Taste Sabrina Carpenter
89%
Young, Wild & Free / Drop It Like It's Hot / Gin and Juice Snoop Dogg
82%
Titanium / Beautiful People / Chandelier Sia
76%
Wannabe / Say You'll / Stop Spice Girls
76%
Latch / I'm Not The Only One / La La La Sam Smith
69%
It Wasn't Me / Angel / Boombastic Shaggy
67%
Chasing Cars / Run / Open Your Eyes Snow Patrol
60%
Black Hole Sun / Fell On Black Days / Spoonman Soundgarden
60%
I Just Called To Say I Love You / Signed, Sealed, Delivered (I'm Yours) / Superstition Stevie Wonder
60%
luther / All The Stars / Snooze SZA
60%
Smooth Operator / Like a Tattoo / Kiss of Life Sade
58%
There's Nothing Holdin' Me Back / Treat You Better / Senorita Shawn Mendes
58%
Anarchy In The UK / God Save The Queen / Pretty Vacant Sex Pistols
56%
Mrs Robinson / The Sound of Silence / Cecilia Simon & Garfunkel
53%
You're Still The One / Man! I Feel Like A Woman! / Any Man Of Man Shania Twain
51%
There Is a Light That Never Goes Out / Heaven Knows I'm Miserable Now / Back to the Old House The Smiths
51%
Chop Suey! / Toxicity / Lonely Day System Of A Down
49%
A Bar Song (Tipsy) / Good News / Amen Shaboozey
44%
1979 / Bullet With Butterfly Wings / Today The Smashing Pumpkins
42%
Calm Down / It Ain't Me / Bluest Flame Selena Gomez
38%
Nasty Dog / Baby Got Back / Ride Sir Mix-A-Lot
38%
Shoop / Push It / Whatta Man Salt-N-Pepa
36%
back to friends / undressed / would've been you sombr
36%
Dark Red / Bad Habit / Infrunami Steve Lacy
33%
The Adults Are Talking / Reptilia / Selfless The Strokes
33%
Duality / Psychosocial / Before I Forget Slipknot
31%
Duality / Psychosocial / Before I Forget Slipknot
31%
Murder On The Dance Floor / Can't Fight This Feeling / If I Can't Dance Sophie Ellis-Bextor
31%
Kiss Me / There She Goes / Don't Dream It's Over Sixpence None The Richer
29%
Santeria / What I Got / Wrong Way Sublime
27%
Fox on the Run / Ballroom Blitz / Love Is Like Oxygen Sweet
24%
Bring It On Home to Me / A Change Is Gonna Come / You Send Me Sam Cooke
22%
Chk Chk Boom / Hollow / LALALALA Stray Kids
16%
Don't Stop Movin' / Never Had A Dream / Bring It All Back S Club
13%
Raining Blood / Delusions of Saviour / Angel Of Death Slayer
13%
Cradles / INFERNO / Freak Sub Urban
13%
Collard Greens / Man Of The Year / Studio Schoolboy Q
11%
Good Looking / Moves / My Fun Suki Waterhouse
11%
My Type / Cold Cold Man / Sweet Talk Saint Motel
9%
Looking For The Hoes / Rich Baby Daddy / Get It Sexyy Sexxy Red
9%
Monster / Hero / Feel Invincible Skillet
9%
Michelle / Animal / Too Close Sir Chloe
7%
I Wish / Top Of The Stairs / Never Crossed My Mind Skee-Lo
7%
I'll Be Around / It's A Shame / The Rubberband Man The Spinners
7%
Mrs Magic / What Would I Do? / Without You Strawberry Guy
4%
Alright / Moving / Caught By The Fuzz Supergrass
4%
Photosynthesis / Erewhon / Ziplock Saba
2%
Wham Bam Shang-A-Lang / Memory / All I Wanna Do Silver
2%
Nobody / Gimme That Boom / That's My Jam Skindred
2%
Smile / No Tears / Po Pimp Scarface
0%
Anastasia / World On Fire / Oh Well Slash
0%
No matching quizzes found
Score Distribution
Percent of People with Each Score
Percentile by Number Answered
Your Score History
You have not taken this quiz since the last reset